| 000 | 00323nam a22001097a 4500 | ||
|---|---|---|---|
| 008 | 230607b xxu||||| |||| 00| 0 eng d | ||
| 082 |
_a720.19 _bSIR |
||
| 110 | _bParliament of Finland | ||
| 245 |
_aParliament's Buildings and Art _bThe Parliament building is a song of praise to monumentality |
||
| 300 | _a25p | ||
| 942 |
_2ddc _cBK |
||
| 999 |
_c790 _d790 |
||